000 00385nam a2200121 4500
008 180220b xxu||||| |||| 00| 0 eng d
100 _926694
_aLeyco, Chino S.
245 _aTax reform to usher in inclusive economy and sustain growth/
_cChino S. Leyco
260 _aPhilippines
_bManila Bulletin
_cc2017
300 _apage B-4.
650 0 _926695
_aEconomic conditions.
942 _2ddc
_cPER
999 _c8774
_d8774